The modern African American political thought reader : from David Walker to Barack Obama /

Bibliographic Details
Main Author: Jones, Angela, 1978-
Format: Book
Language:English
Published: New York : Routledge, 2013.
Subjects:

MARC

Tag First Indicator Second Indicator Subfields
LEADER 00000cam a2200000 a 4500
001 in00002783410
005 20150922150532.0
008 120731s2013 nyu b 001 0 eng
010 |a  2012031029 
020 |a 9780415895705 (hbk. : acid-free paper) 
020 |a 0415895707 (hbk. : acid-free paper) 
020 |a 9780415895736 (pbk. : acid-free paper) 
020 |a 0415895731 (pbk. : acid-free paper) 
035 |a (OCoLC)ocn754735286 
040 |a DLC  |c DLC  |d UtOrBLW 
043 |a n-us--- 
049 |a TXAM 
050 0 0 |a E185  |b .J648 2013 
082 0 0 |a 323.1196/073  |2 23 
100 1 |a Jones, Angela,  |d 1978- 
245 1 4 |a The modern African American political thought reader :  |b from David Walker to Barack Obama /  |c Angela Jones. 
264 1 |a New York :  |b Routledge,  |c 2013. 
300 |a xii, 458 pages ;  |c 27 cm. 
336 |a text  |b txt  |2 rdacontent 
337 |a unmediated  |b n  |2 rdamedia 
338 |a volume  |b nc  |2 rdacarrier 
505 0 |a David Walker -- Maria Stewart -- Frederick Douglass -- Anna Julia Cooper -- Alexander Crummell -- Booker T. Washington -- Ida B. Wells-Barnett -- William Monroe Trotter -- William Edward Burghardt Du Bois -- Asa Philip Randolph -- Bayard Rustin -- Mary McLeod Bethune -- Martin Luther King, Jr. -- Martin R. Delaney -- Henry McNeal Turner -- Marcus Garvey -- Malcolm X -- Stokley Carmichael/Kwame Toure -- The Black Panthers: founders Huey P. Newton and Bobby Seale -- Claudia Jones -- Florynce "Flo" Kennedy -- Shirley Chisholm -- Angela Y. Davis -- Clarence Thomas -- Alan Keyes -- Michael Steele -- Star Parker -- Barack Obama. 
500 |a "Simultaneously published in the UK"--Title page verso. 
504 |a Includes bibliographical references and index. 
650 0 |a African Americans  |x Politics and government. 
650 0 |a African Americans  |x Politics and government  |v Sources. 
650 0 |a Political science  |z United States  |x History. 
650 0 |a Political science  |z United States  |x History  |v Sources. 
945 |a PromptCat  |b 108294 
946 |a stk 
947 |a A14836012812 
948 |a cataloged  |b h  |c 2012/11/29  |d c  |e dmitchel  |f 2:20:20 pm 
994 |a 92  |b TXA 
999 |a MARS 
999 f f |s 517a7533-99ef-337d-935e-c4ad00c428ae  |i 5c869ac8-f4df-32da-a627-bc4967e86454  |t 0 
952 f f |p normal  |a Texas A&M University  |b College Station  |c Sterling C. Evans Library  |d Evans: Library Stacks  |t 0  |e E185 .J648 2013  |h Library of Congress classification  |i unmediated -- volume  |m A14836012812 
998 f f |a E185 .J648 2013  |t 0  |l Evans: Library Stacks